000 00386nam a22001337a 4500
082 _a909.82
_bDOG
_cL-31, P-71
100 _aDogar, Tufail Muhammad
_936425
245 _aNational and international affairs/
260 _aLahore:
_bDogar Brother Publication,;
_cc1968
300 _axi, 360p,;
_c16cm
526 _a0
_b0
_c0
_d909_820000000000000_DOG
650 _aMCE
_9379
942 _2ddc
_cBK
999 _c549455
_d549455